[Event "FRA-ch U14"]
[Site "Gonfreville"]
[Date "2016.04.15"]
[Round "7.6"]
[White "Tomasi, Albert"]
[Black "Goix, Theo"]
[Result "1-0"]
[WhiteElo "2212"]
[BlackElo "1915"]
[PlyCount "98"]
[EventDate "2016.04.22"]
[EventType "swiss"]
[EventRounds "9"]
[EventCountry "FRA"]
[SourceTitle "EXT 2019"]
[Source "ChessBase"]
[SourceDate "2018.10.10"]
[SourceVersion "1"]
[SourceVersionDate "2018.10.10"]
[SourceQuality "1"]

1. e4 c5 2. Nf3 d6 3. d4 Nf6 4. Nc3 cxd4 5. Nxd4 a6 6. g3 e5 7. Nde2 Be7 8. Bg2 b5 9. Nd5 Nbd7 10. Nec3 Bb7 11. a4 bxa4 12. Rxa4 Nxd5 13. Nxd5 Nf6 14. Nxf6+ Bxf6 15. 0-0 0-0 16. Be3 Rc8 17. b3 Bg5 18. Bxg5 Qxg5 19. Qd3 Qd8 20. Rb4 Qc7 21. Rd1 Rfd8 22. Bh3 Rb8 23. Qc4 Bc6 24. Rxb8 Rxb8 25. Qd3 g6 26. Bg2 Rd8 27. Qxa6 Bb7 28. Qd3 Qc5 29. Ra1 Rc8 30. c4 Qb4 31. Qe3 Bc6 32. Bf3 Kg7 33. h4 h6 34. Ra6 Qb7 35. Ra7 Qb4 36. Bg4 Rb8 37. Be6 Be8 38. Qf3 Qxb3 39. Rxf7+ Bxf7 40. Qxf7+ Kh8 41. Qxg6 Qd1+ 42. Kg2 Qd2 43. Qf6+ Kh7 44. Bf5+ Kg8 45. Qg6+ Kf8 46. Be6 Rb7 47. Qg8+ Ke7 48. Qf7+ Kd8 49. Qxb7 Ke8 1-0